000 00275nam a2200109Ia 4500
008 200302s9999 xx 000 0 und d
100 _aTeri
245 _aSustainable Buildings Design Manual Vol 2
260 _bInstitut Catala 'D' Energia
260 _c2004
300 _a301 P.,
999 _c5760
_d5760